| 000 | 00920nam a22002415a 4500 | ||
|---|---|---|---|
| 003 | OSt | ||
| 005 | 20170305122624.0 | ||
| 008 | 170226s2013 ua frb 000 0 ara d | ||
| 015 | _a2013 / 13567 | ||
| 020 | _a9789770473467 | ||
| 040 |
_aEG-ScBUE _bara _cEG-ScBUE |
||
| 082 | 0 | 4 |
_222 _a341.522 _bب ت ا |
| 100 | 1 | _aبتانوني، خيري عبد الفتاح السيد. | |
| 245 | 1 | 0 |
_aمفهوم المحكم في التحكيم التجاري الدولي / _cخيري عبد الفتاح السيد البتانوني. |
| 260 |
_aالقاهرة : _bدار النهضة العربية، _c2013. |
||
| 300 |
_a380 ص. ؛ _c24 سم. |
||
| 504 | _aيشتمل على إرجاعات ببليوجرافية. | ||
| 650 | 7 |
_2BUEsh _aالقانون الدولي التجاري. _941050 |
|
| 650 | 7 |
_2BUEsh _aالتحكيم الدولي التجاري. |
|
| 651 | _2BUEsh | ||
| 653 |
_bLLAAWW _cMarch2017 |
||
| 942 | _2ddc | ||
| 999 |
_c24314 _d24286 |
||